Serie Capitán truno : (Registro nro. 13223)

Detalles MARC
000 -LEADER
fixed length control field 00584nam a22001937a 4500
003 - CONTROL NUMBER IDENTIFIER
control field DO-SdBNP
005 - DATE AND TIME OF LATEST TRANSACTION
control field 20171130114520.0
008 - FIXED-LENGTH DATA ELEMENTS--GENERAL INFORMATION
fixed length control field 171130b2uu xx 0| 0 spa d
040 ## - CATALOGING SOURCE
Original cataloging agency DO-SdBNP
Language of cataloging spa
Transcribing agency DO-SdBNP
245 ## - TITLE STATEMENT
Title Serie Capitán truno :
Remainder of title [1-32 ]
246 ## - VARYING FORM OF TITLE
Title proper/short title
260 ## - PUBLICATION, DISTRIBUTION, ETC. (IMPRINT)
Place of publication, distribution, etc. [s.l]
Name of publisher, distributor, etc. El periódico,
Date of publication, distribution, etc. [200?]
300 ## - PHYSICAL DESCRIPTION
Materials specified
Extent Carpeta con varias paginaciones
Other physical details ils. ;
Dimensions 18 cm.
490 ## - SERIES STATEMENT
Series statement Dan. serie Capitán Trueno
Volume/sequential designation 1/32
500 ## - GENERAL NOTE
General note [El capitán Trueno en comic]
942 ## - ADDED ENTRY ELEMENTS (KOHA)
Source of classification or shelving scheme Dewey Decimal Classification
Koha item type Libros
945 ## - LOCAL PROCESSING INFORMATION (OCLC)
a Invetariado extranjero / 2017 VM
956 ## - LOCAL ELECTRONIC LOCATION AND ACCESS (OCLC)
Host name VMATEO
Access number 10
Compression information 20171201
Path BPMSU
Electronic name 0069
Existencias
Withdrawn status Lost status Source of classification or shelving scheme Damaged status Not for loan Collection code Home library Current library Date acquired Total Checkouts Barcode Date last seen Price effective from Koha item type
    Dewey Decimal Classification     Colección Infantil General Biblioteca Pública Metropolitana Salomé Ureña Biblioteca Pública Metropolitana Salomé Ureña 11/30/2017   BPMSU17110552 11/30/2017 11/30/2017 Libros